Business Communication Bullding Critical Skill

Gespeichert in:
Bibliographische Detailangaben
1. Verfasser: Locker, Kitty O.
Format: Buch
Sprache:English
Veröffentlicht: McGraw Hill Companies Inc 2007
Schlagworte:
Tags: Tag hinzufügen
Keine Tags, Fügen Sie den ersten Tag hinzu!
Thư viện lưu trữ: Mạng thư viện Đại học Đà Nẵng
LEADER 00957nam a22002651a 4500
001 000034719
003 10930
005 20151027134503.0
008 151027s2007 000 eng
020 |a 9780072932102 
041 |a eng 
082 |a 420.33  |b LO-K 
100 |a Locker, Kitty O. 
245 |a Business Communication Bullding Critical Skill  |c Kitty O.Locker, Stephen Kyo, Kaczmarek 
260 |a McGraw Hill Companies Inc  |c 2007 
300 |a 539p. : ill ; 30cm 
650 |a Business Communication Bullding Critical Skill, Marketing, Business 
OWN |a LNN 
AVA |a UDN50  |b LNN  |d 420.33 LO-K  |e available  |t Error 5001 Not defined in file expand_doc_bib_avail.  |f 1  |g 0  |h N  |i 0  |k 1 
999 |a From the UDN01 
AVA |a UDN50  |b LNN  |d 420.33 LO-K  |e available  |t Error 5001 Not defined in file expand_doc_bib_avail.  |f 1  |g 0  |h N  |i 0  |k 1 
TYP |a Monograph 
980 |a Mạng thư viện Đại học Đà Nẵng